International business marketing in emerging country markets : (Record no. 174425)
[ view plain ]
| 000 -LEADER | |
|---|---|
| fixed length control field | 01553nam a2200289 a 4500 |
| 001 - CONTROL NUMBER | |
| control field | vtls003205397 |
| 003 - CONTROL NUMBER IDENTIFIER | |
| control field | MY-SjTCS |
| 005 - DATE AND TIME OF LATEST TRANSACTION | |
| control field | 20200226121005.0 |
| 008 - FIXED-LENGTH DATA ELEMENTS--GENERAL INFORMATION | |
| fixed length control field | 110218s2007 enka 001 0 eng |
| 020 ## - INTERNATIONAL STANDARD BOOK NUMBER | |
| International Standard Book Number | 1848446233 (pbk.) |
| 020 ## - INTERNATIONAL STANDARD BOOK NUMBER | |
| International Standard Book Number | 9781848446236 (pbk.) |
| 020 ## - INTERNATIONAL STANDARD BOOK NUMBER | |
| International Standard Book Number | 9781847202512 (hbk.) |
| 020 ## - INTERNATIONAL STANDARD BOOK NUMBER | |
| International Standard Book Number | 1847202519 (hbk.) |
| 039 #9 - LEVEL OF BIBLIOGRAPHIC CONTROL AND CODING DETAIL [OBSOLETE] | |
| Level of rules in bibliographic description | 201305161130 |
| Level of effort used to assign nonsubject heading access points | VLOAD |
| Level of effort used to assign subject headings | 201102181740 |
| Level of effort used to assign classification | VLOAD |
| Level of effort used to assign subject headings | 201102181731 |
| Level of effort used to assign classification | VLOAD |
| Level of effort used to assign subject headings | 201010071354 |
| Level of effort used to assign classification | pushpa |
| -- | 201007130948 |
| -- | malathy |
| 043 ## - GEOGRAPHIC AREA CODE | |
| Geographic area code | d------ |
| 082 00 - DEWEY DECIMAL CLASSIFICATION NUMBER | |
| Classification number | 658.84091724 |
| Item number | JAN 2007 |
| 100 1# - MAIN ENTRY--PERSONAL NAME | |
| Personal name | Jansson, Hans. |
| 9 (RLIN) | 92409 |
| 245 10 - TITLE STATEMENT | |
| Title | International business marketing in emerging country markets : |
| Remainder of title | the third wave of internationalization of firms / |
| Statement of responsibility, etc. | Hans Jansson. |
| 260 ## - PUBLICATION, DISTRIBUTION, ETC. | |
| Place of publication, distribution, etc. | Cheltenham, UK : |
| Name of publisher, distributor, etc. | Edward Elgar, |
| Date of publication, distribution, etc. | c2007. |
| 300 ## - PHYSICAL DESCRIPTION | |
| Extent | xxiv, 238 p. : |
| Other physical details | ill. ; |
| Dimensions | 24 cm. |
| 504 ## - BIBLIOGRAPHY, ETC. NOTE | |
| Bibliography, etc. note | Includes bibliographical references (p. 213-227) and indexes. |
| 505 0# - FORMATTED CONTENTS NOTE | |
| Formatted contents note | Business marketing networks, institutions and MNC organization -- The international business marketing model -- Network, linkage and competitive strategies -- Project marketing cycles and action networks -- European, Chinese and Russian business networks -- Business marketing strategy in the internationalization process -- Internal network organization of the internationalized firm -- Local and regional network organization for dyads and triads. |
| 650 #0 - SUBJECT ADDED ENTRY--TOPICAL TERM | |
| Topical term or geographic name entry element | International business enterprises |
| Geographic subdivision | Developing countries. |
| 9 (RLIN) | 39749 |
| 650 #0 - SUBJECT ADDED ENTRY--TOPICAL TERM | |
| Topical term or geographic name entry element | Corporations, Developing country. |
| 9 (RLIN) | 47281 |
| 650 #0 - SUBJECT ADDED ENTRY--TOPICAL TERM | |
| Topical term or geographic name entry element | Business networks. |
| 9 (RLIN) | 13988 |
| 920 ## - Programme | |
| Programme | SHT : 147437 |
| Withdrawn status | Lost status | Source of classification or shelving scheme | Damaged status | Not for loan | Home library | Current library | Date acquired | Cost, normal purchase price | Total Checkouts | Barcode | Date last seen | Date last checked out | Copy number | Uniform Resource Identifier | Cost, replacement price | Koha item type | Public note |
|---|---|---|---|---|---|---|---|---|---|---|---|---|---|---|---|---|---|
| Dewey Decimal Classification | Taylor's Library-TU | Taylor's Library-TU | 03/09/2010 | 107.08 | 2 | 5000099102 | 12/12/2019 | 28/04/2014 | 1 | Floor 4, Shelf 27 , Side 2, TierNo 2, BayNo 2 | 107.08 | Main Collection | SHTEx,70002,03,CL |